000 00208 a2200097 4500
001 42058
100 _aAhmed, K J
245 _aHundred Great Muslims
260 _a
_bFeroz Sons Ltd
_c
090 _c26067
_d26067
942 _aNUST-CAE
_cM
_c17855
999 _c277131
_d277131